| 000 | 02211nam a2200205Ia 4500 | ||
|---|---|---|---|
| 003 | OSt | ||
| 005 | 20250612110146.0 | ||
| 008 | 210210b1975 xxu||||| |||| 00| 0 eng d | ||
| 040 | _cAL | ||
| 041 | _aKannada | ||
| 082 | _aK894.1 KESG | ||
| 100 |
_aKESHAVA BHATTA (T) _dಕೇಶವ ಭಟ್ಟ (ಟಿ) _9214129 |
||
| 245 |
_aGovina kate hadu _bಗೋವಿನ ಕತೆ ಹಾಡು |
||
| 260 |
_aBengaluru _bChira Sahitya Prakashana _c1975 |
||
| 300 | _aviii,56 | ||
| 520 | _a’ಗೋವಿನ ಕಥೆ ಹಾಡು ’ಎಂಬ ಪುಸ್ತಕವು ಟಿ.ಕೇಶವ ಭಟ್ಟ ಅವರ ಸಂಪಾದಿತ ಕೃತಿಯಾಗಿದೆ. ಈ ಕೃತಿಯಲ್ಲಿ ನಮ್ಮ ನಾಡ ಎಲ್ಲ ಜನರ ಮೆಚ್ಚಿಗೆಯ ಹಾಡಿದು. ಇದರಲ್ಲಿ ಬರುವ ತತ್ತ್ವ ನಮ್ಮ ಹಿರಿಯರು ಬಾಳಿದ ಸಂಸ್ಕೃತಿ ನಿಷ್ಠ ಜೀವನದ ಸಾರ, ಇದರ ವಸ್ತು ಪುಣ್ಯಕೋಟಿ ಎಂಬ ದನದ ಕಥೆ, ಈ ದನದ ನಡೆಳೆಯ ಮೂಲಕ ಪತ್ರ ವಾತ್ಸಲ್ಯ, ಬಂದುವು. ಒಡೆಯನಲ್ಲಿ ಗೌರವಗಳಲ್ಲದೆ ಸತ್ಯನಿಷ್ಠೆ, ತ್ಯಾಗಶೀಲತೆ, ಭಕ್ತಿಯಂತಹ ಉದಾತ್ತ ಗುಣಗಳು ಪ್ರತಿಪಾದಿತವಾಗಿವೆ. ಗೋ ಮಾತೆಯ ಮಾಹಾತ್ಮ ಇದರಲ್ಲಿದೆ. ಇದೇ ಕಡೆ ಬೇರೆ ಬೇರೆ ರೂಪದಲ್ಲಿ ಕಣಿ ಹಾಡು, ಕೌಲೆ ಹಾಡುಗಳಾಗಿ ಜನಪದ ಗೀತೆಗಳಲ್ಲಿಯ ಒಂದಿವೆ, ಸಂಸ್ಕೃತ ಸಾಹಿತ್ಯದಲ್ಲಿ ಮಹಾಭಾರತ ಪದ್ಮ ರಾಣಗಳಲ್ಲಿ ಪುಣ್ಯ ಸರಿತವಾಗಿ ಗೋನಿನ ಕರರು.ದೆ. ಅಲ್ಲಿ ಗೋ ಸ್ವಾಸ್ಥ್ಯ ಸಂವಾದ ಹಿರುತ್ತದೆ. ಕನ್ನಡದ ಈ ಗೋವಿನ ಕತೆ ಹಾಡನ್ನು ಇಲ್ಲಿ ಸೂಕ್ಷವಾಗಿ ಸಂಪಾದಿಸಿ ಕೊಡಲಾಗಿದೆ. | ||
| 690 |
_aKannada Poetry _9214130 |
||
| 906 | _a040541 | ||
| 942 |
_2ddc _cBK |
||
| 999 |
_c90200 _d90200 |
||